TikTok 💜Core - Statistics

General Stats
  • This quiz has been taken 1,391 times
  • The average score is 3 of 8
Answers on the Grid
Answers color-coded by a green-red scale on the quiz's grid according to % correct below.
Mama a Girl behind you
Hyperpigmentation
Mama dat burn
Hi Sisters!
Sigma Sigma boy
What I do?
Skibidi toilet
Nina
Floptropica
Who is this diva
You cat was like oh no no no
Felez neveded
Hello Dubai
Will you wear wigs
Hawk tuah
 
Answer Stats
Answer % Correct
Mama a Girl behind you
88%
Hyperpigmentation
69%
Mama dat burn
57%
What I do?
27%
Who is this diva
27%
Nina
21%
You cat was like oh no no no
20%
Hello Dubai
17%
No matching quizzes found
Score Distribution
Percent of People with Each Score
Percentile by Number Answered
Your Score History
You have not taken this quiz